Among Us – Tasks In All Maps - Statistics

General Stats
  • This quiz has been taken 56 times
  • The average score is 5 of 8
Answer Stats
Polus Answer % Correct
Decontamination Fix Wiring
91%
Medbay Submit Scan
84%
Weapons Clear Asteroids
66%
Dropship Chart Course
59%
O2 Empty Garbage
59%
Specimen Room Start Reactor
59%
Storage Fuel Engines
55%
Specimen Room Unlock Manifolds
55%
No matching quizzes found
Score Distribution
Percent of People with Each Score
Percentile by Number Answered
Your Score History
You have not taken this quiz